000 00693nam a2200217Ia 4500
003 GCL
008 140319s9999 xx 000 0 ara d
040 _aGCL /
_cGCL
082 0 4 _a320.5
_bم د
100 1 _aمجموعة من المؤلفين
245 1 0 _aالديمقراطية والسياسة /
_cمجموعة من المؤلفين
700 1 _aسحر نزار سعيد (مترجم)
260 _a[S.N] :
_bدار دمشق للنشر والتوزيع والطباعة ،
_c1985
300 _a131 ص
490 _a
650 0 4 _aالاشتراكية
650 0 4 _aالسياسة
650 0 4 _aالديمقراطية
650 0 4 _aالمجتمع الطبقى
942 _2ddc
_cBK
999 _c54631
_d54631